<?xml version="1.0" encoding="UTF-8"?><?xml-stylesheet type="text/xsl" href="static/style.xsl"?><OAI-PMH xmlns="http://www.openarchives.org/OAI/2.0/" xmlns:xsi="http://www.w3.org/2001/XMLSchema-instance" xsi:schemaLocation="http://www.openarchives.org/OAI/2.0/ http://www.openarchives.org/OAI/2.0/OAI-PMH.xsd"><responseDate>2026-06-06T02:15:52Z</responseDate><request verb="GetRecord" identifier="oai:riuma.uma.es:10630/36754" metadataPrefix="marc">https://riuma.uma.es/rest/oai/request</request><GetRecord><record><header><identifier>oai:riuma.uma.es:10630/36754</identifier><datestamp>2026-02-03T10:22:31Z</datestamp><setSpec>com_10630_1685</setSpec><setSpec>col_10630_38055</setSpec></header><metadata><record xmlns="http://www.loc.gov/MARC21/slim" xmlns:dcterms="http://purl.org/dc/terms/" xmlns:doc="http://www.lyncode.com/xoai" xmlns:xsi="http://www.w3.org/2001/XMLSchema-instance" xsi:schemaLocation="http://www.loc.gov/MARC21/slim http://www.loc.gov/standards/marcxml/schema/MARC21slim.xsd">
   <leader>00925njm 22002777a 4500</leader>
   <datafield ind2=" " ind1=" " tag="042">
      <subfield code="a">dc</subfield>
   </datafield>
   <datafield ind2=" " ind1=" " tag="720">
      <subfield code="a">Ruiz López, Pablo</subfield>
      <subfield code="e">author</subfield>
   </datafield>
   <datafield ind2=" " ind1=" " tag="260">
      <subfield code="c">2023-06</subfield>
   </datafield>
   <datafield ind2=" " ind1=" " tag="520">
      <subfield code="a">Debido a la importancia que está adquiriendo el uso de energías renovables en la sociedad de hoy en día, se hace necesaria la explotación de los recursos naturales disponibles, pudiendo obtenerse energías limpias a partir del sol, del viento y del agua.&#xd;
Con respecto a esta última, existen repartidas por el territorio nacional antiguas centrales hidráulica casi abandonadas, cuyos circuitos hidráulicos se encuentran totalmente funcionales y cuya reparación o sustitución y consiguiente puesta en marcha puede resultar rentable para usuarios particulares.&#xd;
Además, dichas centrales hidráulicas de pequeño tamaño, también llamadas minihidráulicas, se encuentran situadas en puntos geográficos alejados de grandes centros de generación, así como en poblaciones pequeñas, por lo que volver a ponerlas en funcionamiento supone una mejora en la calidad de vida de los habitantes de dichos municipios (debido al aumento de la fiabilidad eléctrica) y una oportunidad de creación de empleo.&#xd;
En este Trabajo de Fin de Grado se redacta un estudio de alternativas para volver a poner en marcha una central minihidráulica en una finca particular, así como una ampliación de la instalación eléctrica para cambiar el sistema de calefacción basado en calderas de gasoil y pellets en una casa de colonias (un campamento) en el municipio de Somolinos (Guadalajara). Dicha central minihidráulica tiene una potencia actual de 32 kW eléctricos, pero necesita de un armario de control para poder trabajar conectada a red. Para evaluar las alternativas, se han usado criterios económicos y de mantenimiento y se ha llegado a la conclusión de que pese a necesitar una inversión inicial mayor, es más rentable sustituir todos los equipos por unos actuales de mayor eficiencia.</subfield>
   </datafield>
   <datafield ind1="8" ind2=" " tag="024">
      <subfield code="a">https://hdl.handle.net/10630/36754</subfield>
   </datafield>
   <datafield tag="653" ind2=" " ind1=" ">
      <subfield code="a">Energía hidráulica - Trabajos fin de grado</subfield>
   </datafield>
   <datafield tag="653" ind2=" " ind1=" ">
      <subfield code="a">Centrales hidroeléctricas - Trabajos fin de grado</subfield>
   </datafield>
   <datafield ind2="0" ind1="0" tag="245">
      <subfield code="a">Estudio de alternativas para una central minihidráulica y ampliación de la instalación eléctrica y de climatización para una casa de colonias en Somolinos (Guadalajara)</subfield>
   </datafield>
</record>
</metadata></record></GetRecord></OAI-PMH>